1827 1127 1557 1518 1001 1493 1426 1173 1183 1311 1695 1072 1973 1994 1286 1672 1894 1534 1733 1565 1484 1059 1157 1411 1036 1275 1824 1608 1326 1744 1741 1726 1214 1084 1312 1680 1708 1707 1972 1205 1840 1741 1828 1461 1950 1767 1619 1324 1754 1780 1059 1863 1199 1631 1689 1179 1316 1192 1269 1298 1858 1909 1559 1310 1642 1378 1550 1468 1811 1920 1936 1027 1020 1396 1874 1507 1760 1207 1649 1630 1607 1993 1249 1906 1559 1560 1925 1746 1808 1234 1836 1412 1157 1914 1136 1097 1552 1900 1549 BCNSPRNW ULIB Ver.6.0+V

เปลี่ยนเป็นภาษาไทย

Change to English
 แสดงรายละเอียดบรรณานุกรม
  กลับหน้าหลัก

Brief Record : Get Marc (ISO 2709) : E-mail record : QR code < ปิดหน้าต่าง
LEADER : 00000nam 2200000uu 4500
001    13399108343
003     ULIB
008    110301s2545||||th 000 0 tha d
020    9742944415
060 04 WY105^bน578ก 2545
100 0  นิตยา ศรีญาณลักษณ์
245 10 การบริหารการพยาบาล /^cนิตยา ศรีญาณลักษณ์, บรรณาธิการ
250    พิมพ์ครั้งที่ 1
260    นนทบุรี :^bโครงการสวัสดิการวิชาการ สถาบันพระบรมราชชนกกระทรวงสาธารณสุข,^c2545
300    [13], 379 หน้า ;^c27 ซม.
650  7 การพยาบาล^xการบริหาร
650  7 การบริหารการพยาบาล
653    LI:RAมีปี2552 พิมพ์ครั้งที่ 3
710 2  สถาบันพระบรมราชชนก. ^bโครงการสวัสดิการวิชาการ
945    ^p200^l0^i025045
945    ^p200^l0^i025044
945    ^p200^l0^i025043
945    ^p200^l0^i018839
945    ^p200^l0^i016130
945    ^p200^l0^i016129
945    ^p200^l0^i016128
945    ^p200^l0^i016127
945    ^p200^l0^i025046
945    ^p200^l0^i016550
945    ^p200^l0^i016126
995    เกษร
999 ^a ใช้งานได้ทุกระบบ
รายการนี้ยังไม่มีแท็ก
คุณยังไม่ได้ล็อกอิน คุณสามารถมีกิจกรรมร่วมกับเว็บไซต์ได้ แต่ต้องล็อกอินก่อน ::
  ล็อกอิน

รายการสื่อสารสนเทศ

ลำดับที่ ประเภท เลขเรียก/บาร์โค้ด สถานที่ สถานะ
- ไม่พบข้อมูล -

รายการใกล้เคียง
    ผู้แต่ง [นิตยา ศรีญาณลักษณ์]

    หัวเรื่อง [การบริหารการพยาบาล]

BibComment


ยังไม่เคยถูกคอมเมนท์

คอมเมนท์ทรัพยากรรายการนี้
  คอมเมนท์: การบริหารการพยาบา..


 Copyright 2026. Bcnsprnw @Library